[Event "AUT-chT2O 1314"]
[Site "Austria"]
[Date "2014.01.26"]
[Round "7.6"]
[White "Ungerboeck, Guenter"]
[Black "Liedl, Wolfgang"]
[Result "1/2-1/2"]
[WhiteElo "2025"]
[BlackElo "2200"]
[PlyCount "40"]
[EventDate "2013.10.05"]
[EventType "team-tourn"]
[EventRounds "11"]
[EventCountry "AUT"]
[SourceTitle "EXT 2015"]
[Source "ChessBase"]
[SourceDate "2014.11.20"]
[SourceVersion "1"]
[SourceVersionDate "2014.11.20"]
[SourceQuality "1"]
[WhiteTeam "Ternitz"]
[BlackTeam "Austria"]
[WhiteTeamCountry "AUT"]
[BlackTeamCountry "AUT"]

1. e4 e6 2. d4 d5 3. Nd2 c5 4. exd5 exd5 5. Ngf3 Nf6 6. Be2 Nc6 7. 0-0 cxd4 8. Bb5 Be7 9. Nxd4 Bd7 10. N2f3 0-0 11. c3 Ne4 12. Be3 Bf6 13. Qb3 Nxd4 14. Nxd4 Bxd4 15. cxd4 Be6 16. Rac1 Nd6 17. Bd3 Qb6 18. Qxb6 axb6 19. Bf4 Nf5 20. Bxf5 Bxf5 1/2-1/2